<?xml version="1.0" encoding="UTF-8"?>
<collection xmlns="http://www.loc.gov/MARC21/slim">
 <record>
  <leader>00739pam a22002418a 4500</leader>
  <controlfield tag="001">00042906</controlfield>
  <controlfield tag="008">160217s2014                  ||||||Engsd</controlfield>
  <controlfield tag="005">20181026111054.0</controlfield>
  <datafield tag="020" ind1="#" ind2="#">
   <subfield code="c">40000</subfield>
   <subfield code="a">9786048851279</subfield>
  </datafield>
  <datafield tag="041" ind1="0" ind2="#">
   <subfield code="a">vie</subfield>
  </datafield>
  <datafield tag="082" ind1="1" ind2="4">
   <subfield code="a">495.6</subfield>
   <subfield code="b">T123V</subfield>
  </datafield>
  <datafield tag="100" ind1="1" ind2="#">
   <subfield code="e">Chủ biên</subfield>
   <subfield code="a">Thảo Nguyên</subfield>
  </datafield>
  <datafield tag="245" ind1="1" ind2="0">
   <subfield code="a">Tập viết tiếng Nhật Kanji</subfield>
   <subfield code="c">Thảo Nguyên (ch.b)</subfield>
  </datafield>
  <datafield tag="260" ind1="#" ind2="#">
   <subfield code="a">Hà Nội</subfield>
   <subfield code="b">Dân trí</subfield>
   <subfield code="c">2018</subfield>
  </datafield>
  <datafield tag="300" ind1="#" ind2="#">
   <subfield code="a">110 tr.</subfield>
   <subfield code="c">24 cm.</subfield>
  </datafield>
  <datafield tag="653" ind1="#" ind2="#">
   <subfield code="a">Chữ Kanji</subfield>
  </datafield>
  <datafield tag="653" ind1="#" ind2="#">
   <subfield code="a">Ngôn ngữ</subfield>
  </datafield>
  <datafield tag="653" ind1="#" ind2="#">
   <subfield code="a">Tiếng Nhật</subfield>
  </datafield>
  <datafield tag="653" ind1="#" ind2="#">
   <subfield code="a">Tập viết</subfield>
  </datafield>
  <datafield tag="653" ind1="#" ind2="#">
   <subfield code="a">Tự học</subfield>
  </datafield>
  <datafield tag="852" ind1="#" ind2="#">
   <subfield code="j">KD.0024385</subfield>
  </datafield>
  <datafield tag="910" ind1="0" ind2="#">
   <subfield code="d">26/10/2018</subfield>
  </datafield>
  <datafield tag="980" ind1="#" ind2="#">
   <subfield code="a">Trung tâm Học liệu Lê Vũ Hùng, Trường Đại học Đồng Tháp</subfield>
  </datafield>
 </record>
</collection>
